000
00334nam a2200145Ia 4500
008
240112s2010 xx 000 0 und d
022
_a
2548860
041
_a
eng
082
_a
616.305
100
_a
CHOUDHARI G.
245
_a
INDIAN JOURNAL OF GASTROENTROLOGY
260
_b
IJG
_c
2010
300
_a
250 HB
_c
41791
440
_v
29
999
_c
1143219
_d
1143219